00465nam a22001577a 4500008004100000041000700041082001300048110000900061245012100070260005300191300001000244440001600254546001200270942001200282999001300294230605b xxu||||| |||| 00| 0 eng d hde a327bINT d2010 aInternationale Politik und GesellschaftbInternational Politics and SocietycInternationale Politik und Gesellschaft aGermanybVelag J.H.W Dietz Nachfolger GmbHc2010 a145 p v1x09452419 aGermany 2ddccBK c285d285